01413cam a2200265 a 450000100090000000300050000900500170001400800410003101000170007202000150008902500340010403700630013804000130020104200100021404300120022405000240023608200180026010000180027824500870029624600350038326000450041830000520046350505710051561000610108614068099NUST20221229174647.0050809s2005 ii ab 001 0 eng  a 2005385236 a8170492467 aI-E-2005-385236; 61-90; 62-90 bLibrary of Congress -- New Delhi Overseas OfficecRs495.00 aDLCcDLC alcode aa-ii---00aUA843.I6bS535 2005 a356.10954,SHO1 aShorey, Anil.12aA legendary force, 1st Patiala :b300 years of 15 Punjab (Patiala) /cAnil Shorey.3 aLegendary force, First Patiala aNew Delhi :bManas Publications,cc2005. a235 p. :bill. (some col.), col. maps ;c23 cm. aOrigin of Modern Indian Army (Page-17), The Inception of 1st Patiala (Page-27), The Maturing (page-30), New Shape and Conquests (Page-33), 1st Patiala during World War 1 (Page-42), Between the Wars (Page-70), The Patialas in World War II (Page-73), Operation in Jammu and Kashmir (1947-48) (Page-96), After the War (Page-152), Indo-Pak War -1971 (Page-156), The Post -1971 War Era (Page-169), Battle of Dalunang (Page-172), Towords Countering the Proxy War (Page-178),In the Western Sector (Page-202), Other Fronts (Page-205), Epilogue (Page-216), Index (Page-229). 10aIndia.bArmy.bPunjab Regiment (Patiala), 15thxHistory.